00499 2200193 4500245004500000020002200045250001000067100001400077700002400091700001800115650002600133650001000159005001900169260006400188041001400252084001200266300001800278336000900296 aTim Diaspora Sang JuaracIra DianahText a978-623-307-008-9 aCet.2 aIra Diana aAyu Raditya Mulyadi aWenny Oktavia aCerita Anak Indonesia aEbook a20241105132813 aJakarta TimurbBadan Pengembangan dan Pembinan Bahasac2022 aIndonesia a398.209 avi :c28 hlm. atext